000 00482nam a22001697a 4500
003 BD-ChCU
005 20260514133636.0
008 260514b bg ||||| |||| 00| 0 ben d
040 _cBD-ChCU
082 _a330.18 TUM
100 _aTurnovsky, Stephen J.
_923057
245 _aMacroeconomic analysis and stabilization policy.//
_cJ. Stephen Turnovsky,
260 _aCambridge.
_bC. U. P.
_c1981
300 _axiii, 390p
650 0 _aMacroeconomics.
_923058
942 _2ddc
_cBK
_n0
999 _c113009
_d113009